| 000 | 00717nam a2200229Ia 4500 | ||
|---|---|---|---|
| 003 | OSt | ||
| 005 | 20241122160112.0 | ||
| 008 | 210716s2004 xx 000 0 und d | ||
| 020 | _a8178813327 | ||
| 040 | _cAIMIT LIBRARY | ||
| 041 | _aeng | ||
| 082 |
_a001.0726583 _21 _bRAMV |
||
| 245 |
_aEffective talent management / _cEdited by V V Ramani. |
||
| 250 | _a1st ed. | ||
| 260 |
_aHyderabad : _bICFAI University Press , _c2004. |
||
| 300 |
_aviii,153,A14p. ; _bPB _c23 cm |
||
| 650 |
_aRecruitment : the behavioral aspects _9186075 |
||
| 651 |
_aBecoming a talent magnet _9186076 |
||
| 651 |
_aLeadership talent in Asia _9186077 |
||
| 700 |
_aRamani, V V., ed. _9186078 |
||
| 942 |
_2ddc _cBK _e1st _k001.0726583 RAMV |
||
| 999 |
_c202321 _d202321 |
||